The fiscal dimension of HIV/AIDS in Botswana, South africa, Swaziland and Uganda (Record no. 226)

MARC details
000 -LEADER
fixed length control field 00643nam a22002177a 4500
003 - CONTROL NUMBER IDENTIFIER
control field OSt
005 - DATE AND TIME OF LATEST TRANSACTION
control field 20151202222608.0
008 - FIXED-LENGTH DATA ELEMENTS--GENERAL INFORMATION
fixed length control field 140716b xxu||||| |||| 00| 0 eng d
020 ## - INTERNATIONAL STANDARD BOOK NUMBER
International Standard Book Number 9780821388075
020 ## - INTERNATIONAL STANDARD BOOK NUMBER
International Standard Book Number 97808211388075
040 ## - CATALOGING SOURCE
Transcribing agency DDC
082 ## - DEWEY DECIMAL CLASSIFICATION NUMBER
Edition number 22nd ed.
Classification number 362.19 LUL 2012
Item number L
100 ## - MAIN ENTRY--PERSONAL NAME
Personal name Lule Elizabeth
9 (RLIN) 591
245 ## - TITLE STATEMENT
Title The fiscal dimension of HIV/AIDS in Botswana, South africa, Swaziland and Uganda
260 ## - PUBLICATION, DISTRIBUTION, ETC. (IMPRINT)
Place of publication, distribution, etc. Washington DC:
Name of publisher, distributor, etc. World bank,
Date of publication, distribution, etc. 2012
300 ## - PHYSICAL DESCRIPTION
Extent xvi,292p;
Other physical details ill:
Dimensions 25.5cm
504 ## - BIBLIOGRAPHY, ETC. NOTE
Bibliography, etc References, & index included
650 ## - SUBJECT ADDED ENTRY--TOPICAL TERM
Topical term or geographic name as entry element AIDS-Poverty
9 (RLIN) 592
700 ## - ADDED ENTRY--PERSONAL NAME
Personal name Haacker, Markus
9 (RLIN) 593
942 ## - ADDED ENTRY ELEMENTS (KOHA)
Source of classification or shelving scheme Dewey Decimal Classification
Koha item type Book Bank
Holdings
Withdrawn status Lost status Source of classification or shelving scheme Damaged status Not for loan Home library Current library Date acquired Source of acquisition Inventory number Total Checkouts Full call number Barcode Date last seen Koha item type
    Dewey Decimal Classification     MUST Main Library MUST Main Library 16/07/2014 Purchase 12/36699   362.19 LUL 2012 L 2014-0806 16/07/2014 Open Shelf
    Dewey Decimal Classification     MUST Main Library MUST Main Library 16/07/2014 Purchase 12/36698   362.19 LUL 2012 L 2014-0807 16/07/2014 Open Shelf
    Dewey Decimal Classification     MUST Main Library MUST Main Library 16/07/2014 Purchase 12/36697   362.19 LUL 2012 L 2014-0808 16/07/2014 Open Shelf
    Dewey Decimal Classification     MUST Main Library MUST Main Library 16/07/2014 Purchase 12/36696   362.19 LUL 2012 L 2014-0809 16/07/2014 Open Shelf
    Dewey Decimal Classification     MUST Main Library MUST Main Library 16/07/2014 Purchase 12/36700   362.19 LUL 2012 L 2014-0810 16/07/2014 Open Shelf